000 00623nam a2200241Ia 4500
003 OSt
005 20221007074204.0
006 a|||||r|||| 00| 0
007 ta
008 221006b |||||||| |||| 00| 0 eng d
024 _a19,092
037 _cTextual
040 _aFLL
_cFLL
_beng
041 _2eng
_aeng
082 _aZ:4, K9
100 _aGupta J.P. Au.
_9682880
245 0 _aPrinciples of the law of torts
250 _a2nd
260 _aMeerut
_bHindustan law publishing co., India
_c1969
300 _a833p
_ccm.
942 _hZ:4, K9
_cTEXL
_2CC
999 _c1151482
_d1151482